Python for Data analysis; agile tools for real world data (Record no. 327550)
[ view plain ]
| 000 -LEADER | |
|---|---|
| fixed length control field | 00401 a2200145 4500 |
| 001 - CONTROL NUMBER | |
| control field | 92477 |
| 082 ## - DEWEY DECIMAL CLASSIFICATION NUMBER | |
| Classification number | 005.133 MCK |
| 090 ## - LOCALLY ASSIGNED LC-TYPE CALL NUMBER (OCLC); LOCAL CALL NUMBER (RLIN) | |
| -- | 44447 |
| -- | 44448 |
| 100 ## - MAIN ENTRY--PERSONAL NAME | |
| Personal name | Wes McKinney |
| 245 ## - TITLE STATEMENT | |
| Title | Python for Data analysis; agile tools for real world data |
| Statement of responsibility, etc. | Oreilly |
| 260 ## - PUBLICATION, DISTRIBUTION, ETC. | |
| Place of publication, distribution, etc. | Beijing |
| Name of publisher, distributor, etc. | Shroff Publishers |
| Date of publication, distribution, etc. | 2015 |
| 300 ## - PHYSICAL DESCRIPTION | |
| Extent | xiii, 452 p. |
| 518 ## - DATE/TIME AND PLACE OF AN EVENT NOTE | |
| Date/time and place of an event note | python |
| 650 ## - SUBJECT ADDED ENTRY--TOPICAL TERM | |
| Topical term or geographic name entry element | data analysis |
| Location of event | big data analysis |
| 942 ## - ADDED ENTRY ELEMENTS (KOHA) | |
| Institution code [OBSOLETE] | CAE NUST |
| Call number prefix | 005.133 MCK |
| Withdrawn status | Lost status | Damaged status | Not for loan | Collection code | Permanent Location | Current Location | Date acquired | Total Checkouts | Full call number | Barcode | Date last seen | Price effective from | Koha item type |
|---|---|---|---|---|---|---|---|---|---|---|---|---|---|
| College of Aeronautical Engineering (CAE) | College of Aeronautical Engineering (CAE) | 04/03/2017 | 005.133 MCK | CAE88739 | 04/05/2017 | 04/05/2017 | Book |
